<?xml version="1.0" encoding="UTF-8"?>
<collection xmlns="http://www.loc.gov/MARC21/slim">
 <record>
  <leader>01740aam a22002658a 4500</leader>
  <controlfield tag="001">NCT_1399</controlfield>
  <controlfield tag="008">161004s2016                  ||||||viesd</controlfield>
  <datafield tag="999" ind1=" " ind2=" ">
   <subfield code="c">74</subfield>
   <subfield code="d">74</subfield>
  </datafield>
  <datafield tag="020" ind1=" " ind2=" ">
   <subfield code="a">9786049500022</subfield>
   <subfield code="c">89000</subfield>
  </datafield>
  <datafield tag="082" ind1="0" ind2="4">
   <subfield code="2">23rd ed.</subfield>
   <subfield code="a">547.00711</subfield>
   <subfield code="b">Y602/T.2</subfield>
  </datafield>
  <datafield tag="100" ind1="1" ind2=" ">
   <subfield code="a">Hoàng Trọng Yêm</subfield>
   <subfield code="e">Chủ biên</subfield>
  </datafield>
  <datafield tag="245" ind1="0" ind2="0">
   <subfield code="a">Hoá học hữu cơ</subfield>
   <subfield code="n">Tập 2</subfield>
   <subfield code="c">Hoàng Trọng Yêm (chủ biên)</subfield>
  </datafield>
  <datafield tag="250" ind1=" " ind2=" ">
   <subfield code="a">Xuất bản lần thứ 4</subfield>
  </datafield>
  <datafield tag="260" ind1=" " ind2=" ">
   <subfield code="a">H.</subfield>
   <subfield code="b">Bách khoa Hà Nội</subfield>
   <subfield code="c">2016</subfield>
  </datafield>
  <datafield tag="300" ind1=" " ind2=" ">
   <subfield code="a">379tr.</subfield>
   <subfield code="b">hình vẽ, bảng</subfield>
   <subfield code="c">21cm</subfield>
  </datafield>
  <datafield tag="520" ind1="3" ind2=" ">
   <subfield code="a">Nội dung tài liệu trình bày phương pháp điều chế, tính chất lý, hoá của các chức, cơ chế của phản ứng hữu cơ: Hydrocacbon, dẫn xuất halogen của hydrocacbon mạch hở, ancol, ete, andehit và xeton, axit cacboxylic và dẫn xuất, hợp chất chứa nitơ, các hợp chất cơ nguyên tố, hydroxy axit, andehit axit và xeton axit, gluxit, amino axit - protein</subfield>
  </datafield>
  <datafield tag="700" ind1="1" ind2=" ">
   <subfield code="a">Vũ Đào Thắng</subfield>
  </datafield>
  <datafield tag="700" ind1="1" ind2=" ">
   <subfield code="a">Dương Văn Tuệ</subfield>
  </datafield>
  <datafield tag="700" ind1="1" ind2=" ">
   <subfield code="a">Nguyễn Thị Thanh</subfield>
  </datafield>
  <datafield tag="700" ind1="1" ind2=" ">
   <subfield code="a">Hồ Công Xinh</subfield>
  </datafield>
  <datafield tag="942" ind1=" " ind2=" ">
   <subfield code="2">ddc</subfield>
   <subfield code="c">BK</subfield>
  </datafield>
  <datafield tag="952" ind1=" " ind2=" ">
   <subfield code="0">0</subfield>
   <subfield code="1">0</subfield>
   <subfield code="2">ddc</subfield>
   <subfield code="4">0</subfield>
   <subfield code="6">547_007110000000000_Y602_T_2</subfield>
   <subfield code="7">0</subfield>
   <subfield code="9">295</subfield>
   <subfield code="a">000001</subfield>
   <subfield code="b">000001</subfield>
   <subfield code="d">2017-10-04</subfield>
   <subfield code="o">547.00711 Y602/T.2</subfield>
   <subfield code="p">MD.00337</subfield>
   <subfield code="r">2017-10-04</subfield>
   <subfield code="v">89000.00</subfield>
   <subfield code="w">2017-10-04</subfield>
   <subfield code="y">BK</subfield>
  </datafield>
  <datafield tag="952" ind1=" " ind2=" ">
   <subfield code="0">0</subfield>
   <subfield code="1">0</subfield>
   <subfield code="2">ddc</subfield>
   <subfield code="4">0</subfield>
   <subfield code="6">547_007110000000000_Y602_T_2</subfield>
   <subfield code="7">0</subfield>
   <subfield code="9">296</subfield>
   <subfield code="a">000001</subfield>
   <subfield code="b">000001</subfield>
   <subfield code="d">2017-10-04</subfield>
   <subfield code="o">547.00711 Y602/T.2</subfield>
   <subfield code="p">MD.00338</subfield>
   <subfield code="r">2017-10-04</subfield>
   <subfield code="v">89000.00</subfield>
   <subfield code="w">2017-10-04</subfield>
   <subfield code="y">BK</subfield>
  </datafield>
  <datafield tag="952" ind1=" " ind2=" ">
   <subfield code="0">0</subfield>
   <subfield code="1">0</subfield>
   <subfield code="2">ddc</subfield>
   <subfield code="4">0</subfield>
   <subfield code="6">547_007110000000000_Y602_T_2</subfield>
   <subfield code="7">0</subfield>
   <subfield code="9">297</subfield>
   <subfield code="a">000001</subfield>
   <subfield code="b">000001</subfield>
   <subfield code="d">2017-10-04</subfield>
   <subfield code="l">1</subfield>
   <subfield code="o">547.00711 Y602/T.2</subfield>
   <subfield code="p">MD.00339</subfield>
   <subfield code="r">2019-06-05</subfield>
   <subfield code="s">2019-05-22</subfield>
   <subfield code="v">89000.00</subfield>
   <subfield code="w">2017-10-04</subfield>
   <subfield code="y">BK</subfield>
  </datafield>
  <datafield tag="980" ind1=" " ind2=" ">
   <subfield code="a">Thư viện Trường Đại học Nam Cần Thơ</subfield>
  </datafield>
 </record>
</collection>
